000
00384nam a2200133Ia 4500
008
151001s9999||||xx |||||||||||||| ||und||
100
_a
शर्मा कुमार पाटील
245
_a
व्यक्तित्व विकास
250
_a
1
260
_b
विदुषी प्रकाशन
260
_c
2010
300
_a
128
365
_b
21
999
_c
995701
_d
995698